<?xml version="1.0" encoding="UTF-8"?>
<record
    xmlns:xsi="http://www.w3.org/2001/XMLSchema-instance"
    xsi:schemaLocation="http://www.loc.gov/MARC21/slim http://www.loc.gov/standards/marcxml/schema/MARC21slim.xsd"
    xmlns="http://www.loc.gov/MARC21/slim">

  <leader>015590000a22003250004500</leader>
  <controlfield tag="003">EG-GICUC</controlfield>
  <controlfield tag="005">20250223025000.0</controlfield>
  <controlfield tag="008">070811s2007    ua a   f m    000 0 eng d</controlfield>
  <datafield tag="040" ind1=" " ind2=" ">
    <subfield code="a">EG-GICUC</subfield>
    <subfield code="b">eng</subfield>
    <subfield code="c">EG-GICUC</subfield>
  </datafield>
  <datafield tag="041" ind1="0" ind2=" ">
    <subfield code="a">Eng</subfield>
  </datafield>
  <datafield tag="049" ind1=" " ind2=" ">
    <subfield code="a">Deposite</subfield>
  </datafield>
  <datafield tag="097" ind1=" " ind2=" ">
    <subfield code="a">M.Sc</subfield>
  </datafield>
  <datafield tag="099" ind1=" " ind2=" ">
    <subfield code="a">Cai01.13.08.M.Sc.2007.Ah.A</subfield>
  </datafield>
  <datafield tag="100" ind1="0" ind2=" ">
    <subfield code="a">Ahmed Mohamed Hamdy Mostafa Elokda</subfield>
  </datafield>
  <datafield tag="245" ind1="1" ind2="0">
    <subfield code="a">Augmented integrated routing algorithm for guaranteed bandwidth connections in IP\\MPLS over WDM Network / </subfield>
    <subfield code="c">Ahmed Mohamed Hamdy Mostafa Elokda ; Supervised Khaled Mohamed Fouad Elsayed</subfield>
  </datafield>
  <datafield tag="246" ind1="1" ind2="5">
    <subfield code="a">&#x62E;&#x648;&#x627;&#x631;&#x632;&#x645; &#x62A;&#x62D;&#x62F;&#x64A;&#x62F; &#x627;&#x644;&#x645;&#x633;&#x627;&#x631; &#x627;&#x644;&#x645;&#x62D;&#x633;&#x646; &#x627;&#x644;&#x645;&#x62A;&#x643;&#x627;&#x645;&#x644; &#x644;&#x644;&#x645;&#x643;&#x627;&#x644;&#x645;&#x627;&#x62A; &#x645;&#x636;&#x645;&#x648;&#x646;&#x629; &#x627;&#x644;&#x633;&#x639;&#x629; &#x641;&#x649; &#x634;&#x628;&#x643;&#x627;&#x62A; &#x646;&#x642;&#x644; &#x627;&#x644;&#x628;&#x631;&#x648;&#x62A;&#x648;&#x643;&#x648;&#x644;&#x627;&#x62A; &#x627;&#x644;&#x645;&#x62A;&#x639;&#x62F;&#x62F;&#x629; &#x639;&#x628;&#x631; &#x62A;&#x642;&#x633;&#x64A;&#x645; &#x627;&#x644;&#x637;&#x648;&#x644; &#x627;&#x644;&#x645;&#x648;&#x62C;&#x649;</subfield>
  </datafield>
  <datafield tag="260" ind1=" " ind2=" ">
    <subfield code="a">Cairo : </subfield>
    <subfield code="b">Ahmed Mohamed Hamdy Mostafa Elokda , </subfield>
    <subfield code="c">2007</subfield>
  </datafield>
  <datafield tag="300" ind1=" " ind2=" ">
    <subfield code="a">81P. : </subfield>
    <subfield code="b">ill. ; </subfield>
    <subfield code="c">30cm</subfield>
  </datafield>
  <datafield tag="502" ind1=" " ind2=" ">
    <subfield code="a">Thesis (M.Sc.) - Cairo University - Faculty Of Engineering - Department Of Electronics and Communications</subfield>
  </datafield>
  <datafield tag="520" ind1=" " ind2=" ">
    <subfield code="a">Routing in IP\\MPLS over WDM networks has been typically separated into routing at IP laer taking only IP layer information into account and wave length routing at the optical layer taking only optical network information into account</subfield>
  </datafield>
  <datafield tag="530" ind1=" " ind2=" ">
    <subfield code="a">Issued also as CD</subfield>
  </datafield>
  <datafield tag="653" ind1=" " ind2="4">
    <subfield code="a">IP</subfield>
  </datafield>
  <datafield tag="653" ind1=" " ind2="4">
    <subfield code="a">MPLS</subfield>
  </datafield>
  <datafield tag="653" ind1=" " ind2="4">
    <subfield code="a">WDM</subfield>
  </datafield>
  <datafield tag="700" ind1="0" ind2=" ">
    <subfield code="a">Khaled Mohamed Fouad Elsayed , </subfield>
    <subfield code="e">Supervisor</subfield>
  </datafield>
  <datafield tag="856" ind1=" " ind2=" ">
    <subfield code="u">http://172.23.153.220/th.pdf</subfield>
  </datafield>
  <datafield tag="905" ind1=" " ind2=" ">
    <subfield code="a">Esam</subfield>
    <subfield code="e">Revisor</subfield>
  </datafield>
  <datafield tag="905" ind1=" " ind2=" ">
    <subfield code="a">Nazla</subfield>
    <subfield code="e">Cataloger</subfield>
  </datafield>
  <datafield tag="942" ind1=" " ind2=" ">
    <subfield code="2">ddc</subfield>
    <subfield code="c">TH</subfield>
  </datafield>
  <datafield tag="999" ind1=" " ind2=" ">
    <subfield code="c">3143</subfield>
    <subfield code="d">3143</subfield>
  </datafield>
  <datafield tag="952" ind1=" " ind2=" ">
    <subfield code="2">ddc</subfield>
    <subfield code="7">0</subfield>
    <subfield code="a">CUCL</subfield>
    <subfield code="b">cl210</subfield>
    <subfield code="d">2024-02-11</subfield>
    <subfield code="o">Cai01.13.08.M.Sc.2007.Ah.A</subfield>
    <subfield code="p">01010110047461000</subfield>
    <subfield code="r">2023-09-22 00:00:00</subfield>
    <subfield code="y">TH</subfield>
  </datafield>
  <datafield tag="952" ind1=" " ind2=" ">
    <subfield code="2">ddc</subfield>
    <subfield code="7">0</subfield>
    <subfield code="a">CUCL</subfield>
    <subfield code="b">cl2u8</subfield>
    <subfield code="d">2024-02-11</subfield>
    <subfield code="o">Cai01.13.08.M.Sc.2007.Ah.A</subfield>
    <subfield code="p">01020110047461000</subfield>
    <subfield code="r">2023-09-22 00:00:00</subfield>
    <subfield code="t">47461.CD     </subfield>
    <subfield code="y">CD</subfield>
  </datafield>
</record>
